Teams in UEFA Finals - Statistics

General Stats
  • This quiz has been taken 47 times
    9 since last reset
  • The average score is 55 of 101
Answer Stats
Answer % Correct
Anderlecht
83%
Bayer Leverkusen
83%
Bayern Munich
83%
Benfica
83%
Borussia Dortmund
83%
Braga
83%
Club Brugge
83%
Marseille
83%
Olympiacos
83%
Porto
83%
Schalke 04
83%
Sporting
83%
AC Milan
67%
Ajax
67%
Arsenal
67%
AS Roma
67%
Aston Villa
67%
Atalanta
67%
Athletic
67%
Atletico Madrid
67%
Barcelona
67%
Celtic
67%
Chelsea
67%
Crvena Zvezda
67%
CSKA Moscow
67%
Dynamo Kyiv
67%
Eintracht Frankfurt
67%
Feyenoord
67%
Fiorentina
67%
Galatasaray
67%
Inter Milan
67%
Juventus
67%
Lazio
67%
Liverpool
67%
Malmo
67%
Manchester City
67%
Manchester United
67%
Monaco
67%
Napoli
67%
Nottingham Forest
67%
PSG
67%
Rangers
67%
RB Salzburg
67%
Real Betis
67%
Real Madrid
67%
Sampdoria
67%
Tottenham
67%
Valencia
67%
West Ham
67%
Aberdeen
50%
Antwerp
50%
Austria Wien
50%
AZ Alkmaar
50%
Bordeaux
50%
Borussia Monchengladbach
50%
Dnipro
50%
Dundee United
50%
Everton
50%
FC Twente
50%
Ferencvaros
50%
Goteborg
50%
Hamburg
50%
Leeds
50%
Mallorca
50%
Panathinaikos
50%
Parma
50%
Partizan
50%
PSV
50%
Rapid Wien
50%
Saint-Etienne
50%
Sevilla
50%
Shakhtar Donetsk
50%
Stade de Reims
50%
Steaua Bucaresti
50%
Torino
50%
Villarreal
50%
Wolves
50%
Zenit Saint-Petersburg
50%
Deportivo Alaves
33%
Dinamo Tbilisi
33%
Espanyol
33%
Fortuna Dusseldorf
33%
Fulham
33%
Ipswich Town
33%
Koln
33%
Real Zaragoza
33%
Slovan Bratislava
33%
Standard Liège
33%
Stuttgart
33%
Werder Bremen
33%
1860 Munich
17%
Bastia
17%
Carl Zeiss Jena
17%
Dynamo Moscow
17%
Féhérvar
17%
Gornik Zabrze
17%
Lokomotive Leipzig
17%
Mechelen
17%
Middlesbrough
17%
MTK Budapest
17%
Magdeburg
0%
No matching quizzes found
Score Distribution
Percent of People with Each Score
Percentile by Number Answered
Your Score History
You have not taken this quiz since the last reset